Tư tưởng Hồ Chí Minh về nghệ thuật quân sự và sự vận dụng trong cách mạng giải phóng dân tộc ở Việt Nam
Cơ sở lý luận và sự thực tiễn của sự hình thành tư tưởng nghệ thuật quân sự Hồ Chí Minh...Sự vận dụng tư tưởng nghệ thuật quân sự của Hồ Chí Minh trong cách mạng giải phóng dân tộc ở Việt Nam
Guardat en:
| Autor principal: | |
|---|---|
| Altres autors: | |
| Format: | Llibre |
| Idioma: | Vietnamese |
| Publicat: |
Đại học Sư Phạm
Đại học Đà Nẵng
2009
|
| Matèries: | |
| Etiquetes: |
Afegir etiqueta
Sense etiquetes, Sigues el primer a etiquetar aquest registre!
|
| Thư viện lưu trữ: | Mạng thư viện Đại học Đà Nẵng |
|---|
| LEADER | 01534nam a2200325 4500 | ||
|---|---|---|---|
| 001 | 000011620 | ||
| 003 | 7874 | ||
| 005 | 20120207150206.0 | ||
| 008 | 120207s2009 viesd | ||
| 041 | |a vie | ||
| 072 | |a Khóa luận tốt nghiệp -Giaó dục chính trị | ||
| 082 | |a 335.4546 |b NG-L | ||
| 100 | 1 | |a Nguyễn, Thị Lan | |
| 245 | 1 | |a Tư tưởng Hồ Chí Minh về nghệ thuật quân sự và sự vận dụng trong cách mạng giải phóng dân tộc ở Việt Nam |c Nguyễn, Thị Lan | |
| 260 | |a Đại học Sư Phạm |b Đại học Đà Nẵng |c 2009 | ||
| 300 | |a 80 tr. |c 29 cm. | ||
| 500 | |a Khóa luận tốt nghiệp | ||
| 520 | |a Cơ sở lý luận và sự thực tiễn của sự hình thành tư tưởng nghệ thuật quân sự Hồ Chí Minh...Sự vận dụng tư tưởng nghệ thuật quân sự của Hồ Chí Minh trong cách mạng giải phóng dân tộc ở Việt Nam | ||
| 653 | |a Nghệ thuật quân sự |a Hồ Chí Minh | ||
| 700 | |a Thái, Thị Thu Trang |c Người hướng dẫn |e Th.S | ||
| OWN | |a LSP | ||
| AVA | |a UDN50 |b LSP |d 335.4546 NG-L |e available |t Error 5001 Not defined in file expand_doc_bib_avail. |f 1 |g 0 |h N |i 0 |k 1 | ||
| 999 | |a From the UDN01 | ||
| AVA | |a UDN50 |b LSP |d 335.4546 NG-L |e available |t Error 5001 Not defined in file expand_doc_bib_avail. |f 1 |g 0 |h N |i 0 |k 1 | ||
| TYP | |a Monograph | ||
| TYP | |a Printed language | ||
| 980 | |a Mạng thư viện Đại học Đà Nẵng | ||